000 01030nmm a2200301 a 4500
001 ocm000587548
003 TR-IsHL
005 20201028120542.0
008 130625s2010 tu tur
007 cr cn
020 _a9789758491544
035 _a587548
_b(N$T)
050 0 4 _aJS6953.A8
_bG66 2010
090 0 4 _aJS6953.A8
_bG66 2010
100 1 _aGörücü, Veysel
245 1 0 _aYerel yönetimlerde katılım ve demokrasi
_h[electronic resource] /
_cVeysel Görücü
250 _a1.bs.
260 _aİstanbul :
_bArya Yayıncılık,
_c2010
300 _a315 p.
650 4 _aPolitika ve Uluslararası İlişkiler
650 4 _aPolitics and International Relations
650 0 _aYerel yönetim
_x Türkiye
650 0 _aLocal government
_x Turkey
650 0 _aBelediye yönetimi
_x Türkiye
650 0 _aMunicipal government
_x Turkey
650 7 _aPOLITICAL SCIENCE / World / Middle Eastern
_2bisacsh
856 4 0 _uhttp://search.ebscohost.com/login.aspx?direct=true&scope=site&db=e011xww&AN=587548
999 _c846
_d846